Effects of covers and clearing methods on the growth of young rubber trees II (Record no. 58314)

MARC details
000 -LEADER
fixed length control field 00397nam a2200133Ia 4500
100 ## - MAIN ENTRY--AUTHOR NAME
Personal name Haines W B
245 #0 - TITLE STATEMENT
Title Effects of covers and clearing methods on the growth of young rubber trees II
260 ## - PUBLICATION, DISTRIBUTION, ETC. (IMPRINT)
Name of publisher Journal of the Rubber Research Institute of Malaya
Year of publication 1931
300 ## - PHYSICAL DESCRIPTION
Number of Pages 110-113
650 ## - SUBJECT ADDED ENTRY--TOPICAL TERM
Topical Term Growth
650 ## - SUBJECT ADDED ENTRY--TOPICAL TERM
Topical Term Young rubber
942 ## - ADDED ENTRY ELEMENTS (KOHA)
Koha item type Journals
Holdings
Withdrawn status Lost status Damaged status Not for loan Home library Current library Shelving location Date acquired Serial Enumeration / chronology Koha item type
      Journals RRII Library RRII Library Botany 17/12/2021 Volume 3, Issue 2 Journals